| 000 | 00744nam a22002177a 4500 | ||
|---|---|---|---|
| 005 | 20140404111829.0 | ||
| 008 | 140404s2011 ck abdogr|||| 00| 0 spa d | ||
| 020 | _a9789588594637 | ||
| 041 | _aspa | ||
| 044 | _ack | ||
| 082 |
_a551.483 _bE19c |
||
| 110 | 2 |
_aUniversidad de los Llanos _93430 |
|
| 245 | 1 | 0 |
_aCuenca del Río Orotoy _by sus Ambientes Acuáticos _cUniversidad de los Llanos, Ecopetrol |
| 260 | 3 |
_aVillavicencio _bUniversidad de los Llanos _c2001 |
|
| 300 |
_a104 p. _bil., fot., mapas, tablas _c22 cm |
||
| 504 | _aIncluye bibliografía (páginas 88 - 91) | ||
| 650 | 4 |
_aRíos _vGuía _xEstudio _zColombia _923368 |
|
| 650 | 4 |
_aEcosistema acuático _xCuidados _zColombia _923369 |
|
| 710 | 2 |
_aEcopetrol _923370 |
|
| 942 |
_2ddc _cImpreso |
||
| 999 |
_c8352 _d8352 |
||